| 000 | 00326nam a22001337a 4500 | ||
|---|---|---|---|
| 020 | _qPB. | ||
| 040 | _cFIZZA ISHAQ | ||
| 082 |
_a006.45 _bPAU |
||
| 100 |
_aHILL,R.PAUL. _9111664 |
||
| 245 |
_aAUDIO AND SPEECH PROCESSING WITH MATLAB / _cPAUL R. HILL. |
||
| 260 |
_bCRC PRESS, _c2019. |
||
| 300 | _a329 P. ; | ||
| 942 |
_2ddc _cBK |
||
| 999 |
_c594421 _d594421 |
||